Dywizjon 303 /

Bewaard in:
Bibliografische gegevens
Hoofdauteur: Fiedler, Arkady (1894-1985)
Coauteur: Wydawnictwo Poznańskie
Andere auteurs: Horowicz, Artur (1898-1962) (Il.)
Formaat: Boek
Taal:Pools
Gepubliceerd in: Poznań : Wydaw. Poznańskie, 1985.
Editie:[Wyd. 22].
Onderwerpen:
Tags: Voeg label toe
Geen labels, Wees de eerste die dit record labelt!

MARC

LEADER 00000nam a2200000 i 4500
001 991008398479705066
005 20260515140225.0
008 981118s1985 pl a |000 0 pol
020 |a 8321006035 
035 |a 991008398479705066 
035 |a (PL-WaBN)b12168178-48omnis_nlop 
035 |a b12168178 
035 |a (OCoLC)830185784 
035 |a zz2002900773 
035 |a (PL)b0000001216817 
035 |a (EXLNZ-48OMNIS_NETWORK)9910039659105606 
040 |a WA N  |c WA N  |d WA N 
041 0 |a pol 
080 |a 943.8.082.3:358.4(=84)](410) 
090 |c 7  |d 7 
100 1 |a Fiedler, Arkady  |d (1894-1985) 
240 1 0 |a Dywizjon 303  |l (pol.) 
245 1 0 |a Dywizjon 303 /  |c Arkady Fiedler ; [rys. Artura Horowicza]. 
246 3 |a Dywizjon trzysta trzy 
250 |a [Wyd. 22]. 
260 |a Poznań :  |b Wydaw. Poznańskie,  |c 1985. 
300 |a 94, [2] s., [24] s. tabl. :  |b fot., portr., rys. ;  |c 21 cm. 
610 1 |a Polska.  |b Polskie Siły Powietrzne.  |b 303 Dywizjon Myśliwski Warszawski imienia Tadeusza Kościuszki  |v wydawnictwa dla młodzieży. 
650 7 |a II wojna światowa (1939-1945) 
650 7 |a Wojna lotnicza 
650 7 |a Lotnictwo wojskowe 
651 7 |a Wielka Brytania 
651 7 |a Polska 
700 1 |a Horowicz, Artur  |d (1898-1962)  |e Il. 
710 2 |a Wydawnictwo Poznańskie 
920 |a 83-210-0603-5 
942 |c K 
952 |0 0  |1 0  |4 0  |6 R__9_000000000000000  |7 0  |9 27  |a RYT  |b RYT  |d 2026-03-14  |e 1/2026  |g 10.00  |l 0  |o R.9  |p 2000000000091  |r 2026-05-15 14:02:25  |w 2026-05-15  |y BK  |z k 
999 |c 27  |d 27